000 00737nam a2200217 a 4500
001 000001788
005 20200929145712.0
008 090629s2003 dr 000 0 spa d
020 _a8424499310532
040 _aDO-SdBNP
_bspa
_cBNPHU
082 _a923.2
_bD532l
100 1 _aDíez del Corral, Francisco,
_c1870-1924
_95801
245 1 0 _aLenin :
_buna biografía /
_cFrancisco Díez del Corral.
260 _a[Barcelona], :
_bFolio,
_c2003.
300 _a415 p. ;
_c21 cm.
490 0 _aBiblioteca ABC: Protagonistas del S.XX
_v10
500 _aIncluye sumario
600 _aLENIN VLADIMIR, LIICH
_b1870-1924
_95802
700 1 _aGarcía de Cortázar, Fernando
_cpról.
_95803
830 0 _aBiblioteca ABC: Protagonistas del S.XX
_n10
_95804
999 _c1665
_d1665